[Event "Norm Congress-GM 2018"]
[Site "Saint Louis"]
[Date "2018.02.09"]
[Round "2"]
[White "Bartholomew, John"]
[Black "Vorontsov, Pavlo"]
[Result "1/2-1/2"]
[WhiteElo "2472"]
[BlackElo "2559"]
[Annotator "TA"]
[PlyCount "92"]
[EventDate "2018.??.??"]
[EventType "schev"]
[EventCountry "USA"]
[SourceTitle "playchess.com"]
[Source "ChessBase"]
[SourceQuality "1"]

{[%evp 24,92,0,0,30,30,28,28,29,32,31,18,27,22,26,23,20,0,0,0,-14,-9,-14,-19,22,22,52,42,41,40,60,22,25,36,34,0,0,0,0,0,0,0,0,0,0,0,0,0,0,0,0,0,0,0,0,0,0,0,0,0,0,0,0,0,0,0,0,0,0,0,0]} 1. d4 Nf6 2. c4 e6 3. Nf3 Bb4+ 4. Bd2 Qe7 5. g3 Nc6 6. Nc3 Bxc3 7. Bxc3 Ne4 8. Rc1 d6 9. Bg2 Nxc3 10. Rxc3 O-O 11. d5 Nb8 12. O-O e5 13. Nd2 {LiveBook: 52 Games} b6 {E11: Bogo-Indian} (13... a5 14. c5 Na6 15. cxd6 cxd6 16. Nc4 Qd8 17. Qb3 Nc5 18. Qb6 Na4 19. Qxd6 Nxc3 20. bxc3 Qxd6 21. Nxd6 f6 22. c4 b6 23. Rb1 Ra6 24. Nxc8 Rxc8 25. d6 Rd8 26. Bb7 Ra7 27. Bd5+ {1-0 (27) Gupta,A (2643)-Amin,B (2608) Dubai 2012}) 14. e4 a5 15. f4 Na6 $146 {White has an edge.} ({Find the theoretical novelty and annotate with similar games:} 15... Nd7 16. f5 f6 {½-½ (28) Silman,J (2355)-Rupel,D Seattle,WA 1985}) 16. f5 f6 17. g4 Nc5 18. h4 Bd7 19. Rg3 b5 20. cxb5 Bxb5 21. Rff3 Rab8 22. Ra3 a4 23. Rac3 Ba6 24. b3 axb3 25. Nxb3 Nxb3 26. Rxb3 Rb6 27. Rxb6 cxb6 28. Qa4 Ra8 29. Qc6 Qd8 $1 {The position is equal.} 30. Rb3 Be2 31. Rxb6 Rxa2 32. Qxd6 Qxd6 33. Rxd6 {g5 is the strong threat.} Bxg4 $11 {[%mdl 4096] Endgame KRB-KRB} 34. Bf1 {[#] And now Rd8+ would win.} Be2 {Threatens to win with ...Ra1.} 35. Bg2 h5 36. Rd8+ Kf7 37. Rd7+ Kf8 38. Rb7 Rd2 39. Rb8+ Kf7 40. Rb7+ Kg8 41. Rb8+ Kh7 42. Kf2 Bg4+ 43. Kg3 Rd3+ 44. Kf2 Rd2+ 45. Kg3 Rd4 46. Kf2 Rd2+ {Precision: White = 69%, Black = 75%.} 1/2-1/2

[Event "Norm Congress-GM 2018"]
[Site "Saint Louis"]
[Date "2018.02.09"]
[Round "2"]
[White "Abrahamyan, Tatev"]
[Black "Chandra, Akshat"]
[Result "1-0"]
[WhiteElo "2332"]
[BlackElo "2510"]
[Annotator "TA"]
[PlyCount "119"]
[EventDate "2018.??.??"]
[EventType "schev"]
[EventCountry "USA"]
[SourceTitle "playchess.com"]
[Source "ChessBase"]
[SourceQuality "1"]

{[%evp 24,119,47,38,34,31,35,35,41,35,31,10,11,10,12,0,0,0,0,-1,0,-24,11,0,7,0,0,0,25,0,8,0,19,0,9,0,0,0,0,0,0,0,0,0,0,0,341,169,225,225,222,180,183,96,150,164,166,150,184,43,115,40,47,21,20,22,90,51,237,211,293,286,252,181,488,488,488,480,4694,2547,29979,29980,29978,29979,11064,1876,1738,1832,29978,29979,29977,29978,29989,29990,29990,29991,29991,29992]} 1. e4 e5 2. Nf3 Nc6 3. Bc4 Bc5 4. O-O Nf6 5. d3 d6 6. c3 a6 7. Bb3 Ba7 8. Nbd2 {[%cal Bb1d2,Bd2f1,Bf1g3,Bg3f5][%mdl 32]} O-O 9. h3 h6 10. Re1 Nh5 11. Nf1 Qf6 12. Be3 Nf4 13. Ng3 {LiveBook: 63 Games. C54: Giuoco Piano: 4 c3 Nf6, main lines with 5 d4 and 5 d3} (13. d4 Ne7 14. Ng3 Neg6 15. Bc2 Nh4 16. Nxh4 Qxh4 17. Qf3 g6 18. Bxf4 Qxf4 19. Qxf4 exf4 20. Ne2 f3 21. Ng3 c5 22. d5 Re8 23. h4 fxg2 24. Kxg2 {1-0 (50) Ganguly,S (2668)-Kayumov,S (2505) Doha 2016}) 13... Bxe3 14. fxe3 Ng6 15. Rf1 {White is slightly better.} Qd8 16. Nf5 Be6 17. Qe1 Bxb3 $146 ({Predecessor:} 17... Nce7 18. Nh2 d5 19. Qg3 dxe4 20. Bxe6 fxe6 21. Nxe7+ Nxe7 22. Rxf8+ Qxf8 23. dxe4 {1-0 (41) Palit,S (2411)-Bru Rullo,L (2152) Barcelona 2014}) 18. axb3 Nge7 19. Nh2 Nxf5 20. exf5 f6 $1 21. e4 d5 22. Qe2 Rf7 {[%cal Bf8f7,Bf7d7,Bd7d3][%mdl 32]} 23. Nf3 Rd7 24. g4 Qe7 25. h4 Rad8 26. Kh1 dxe4 27. dxe4 Rd3 28. Rg1 Qf7 29. Rg3 Qxb3 30. Rag1 Rd1 31. g5 $1 {[%cal Rg5f6]} Rxg1+ 32. Rxg1 hxg5 33. hxg5 Kf7 34. Qh2 {aiming for gxf6.} Rd1 $2 {[%mdl 8192] [#]} (34... Rf8 $11) 35. Nxe5+ (35. gxf6 Rxg1+ 36. Nxg1 (36. Qxg1 gxf6 37. Qg6+ Ke7 $17) 36... gxf6 $17) (35. g6+ $142 $1 Ke7 36. Qh8 Rxg1+ 37. Kxg1 (37. Nxg1 Qc4 $14) 37... Qb6+ 38. Kg2 (38. Kh1 Kd7 $16)) 35... Nxe5 (35... Kg8 $142 36. Nxc6 Rxg1+ 37. Qxg1 Qc2) 36. Qh5+ $18 Ke7 37. gxf6+ gxf6 38. Rxd1 {[%mdl 4096] Endgame KQR-KQN} (38. Qxd1 $18 Qf7 39. Rg3) 38... Qa4 ({Black should try} 38... Qc4) 39. Qe2 $16 Qe8 40. Kg1 Qh8 41. Qe3 (41. Qg2 $18) 41... Qg8+ {[#]} (41... Qh4 $14 42. Rf1 Nc4 43. Qc5+ Ke8) 42. Kf1 (42. Kh1 $1 $16 {White wants to mate with Qc5+.} Qg4 43. Rg1 (43. Qc5+ Ke8 $11) 43... Qh5+ 44. Kg2) 42... Qg4 $1 $14 {[%cal Rg4d1]} 43. Rd2 {Threatens to win with Kf2.} (43. Rd4 {keeps more tension.} b6 44. b4 a5 45. Kf2 Qg8 46. Qg3) 43... b6 {...Nc4 is the strong threat.} 44. Re2 c5 (44... Kd7 $11) 45. Ke1 Qh4+ $2 ({Black should play} 45... a5 $14) 46. Kd1 $18 Qh1+ 47. Kc2 Qa1 {intending ...Qa4+.} 48. Qd2 c4 $2 (48... Qa2 49. Qd5 Qxd5 50. exd5 c4) 49. Qd5 Qa4+ 50. Kd2 Qb3 (50... Qd7 $142 51. Qxd7+ Kxd7) 51. Qe6+ Kf8 52. Qxf6+ Nf7 53. Kc1 Qa4 54. Qxb6 (54. Rh2 $142 Qa1+ 55. Kc2 Qa4+ 56. Kd2) 54... Qa1+ 55. Kd2 {Rg2 would kill now.} Qb1 56. Qb8+ {White mates.} Ke7 57. f6+ Kxf6 58. Rf2+ Kg7 59. Qg3+ Kf8 60. Qd6+ {Precision: White = 44%, Black = 42%.} 1-0

[Event "Norm Congress-GM 2018"]
[Site "Saint Louis"]
[Date "2018.02.09"]
[Round "3"]
[White "Vorontsov, Pavlo"]
[Black "Paragua, Mark"]
[Result "0-1"]
[WhiteElo "2559"]
[BlackElo "2513"]
[Annotator "TA"]
[PlyCount "44"]
[EventDate "2018.??.??"]
[EventType "schev"]
[EventCountry "USA"]
[SourceTitle "playchess.com"]
[Source "ChessBase"]
[SourceQuality "1"]

{[%evp 19,43,33,40,-18,-24,-120,-120,-162,-161,-170,-156,-336,-335,-286,-302,-500,-563,-629,-655,-639,-509,-1019,-944,-1044,-1021,-29999]} 1. Nf3 Nf6 2. c4 g6 3. Nc3 d5 4. cxd5 Nxd5 5. Qb3 Nb6 6. d4 Bg7 7. Bf4 O-O 8. e3 Be6 {D90: Grünfeld: 4 Nf3 Bg7 sidelines} 9. Qa3 Nc6 (9... N8d7 10. Rd1 c6 11. Ng5 Bd5 12. e4 e5 13. dxe5 Re8 14. Nf3 Nxe5 15. Bxe5 Bxe5 16. Nxe5 Rxe5 {½-½ (24) Jakovenko,D (2709)-Grischuk,A (2742) Sharjah 2017}) 10. Bb5 Nd5 {[%cal Bb6d5,Bd5f4,Bf4g2][%mdl 32] LiveBook: 6 Games. White is slightly better.} 11. Bxc6 $146 ({Better is} 11. Bg3 $14) ({Predecessor:} 11. Bg3 Ncb4 12. Rc1 Nxc3 13. bxc3 Nd5 14. Be2 Nf6 {1-0 (28) Karpov,A (2623)-Mchedlishvili,M (2609) Germany 2014}) 11... Nxf4 $11 12. Be4 (12. exf4 $11 {keeps the balance.} bxc6 13. O-O) 12... Nxg2+ $17 13. Kd2 {[#]} f5 $1 {[%cal Rf5e4]} 14. Bxb7 {[#] Black must now prevent Ng5.} f4 $1 {[%cal Rf4e3] Strongly threatening ...fxe3+.} (14... Rb8 15. Ng5 $16) 15. Rhg1 $2 (15. Ng5 $17 fxe3+ 16. fxe3 Bxd4 17. Nxe6 Bxe3+ 18. Kc2 Qd2+ 19. Kb3) 15... fxe3+ 16. fxe3 Rb8 17. Qxa7 $2 (17. Rxg2 Rxb7 18. Ng5) 17... c5 $19 18. Qa6 Bc8 19. Bxc8 Rxf3 20. Be6+ (20. Rxg2 $142 Rxb2+ 21. Kc1 Rxg2 22. Qa8) 20... Kh8 21. Rxg2 Rxb2+ 22. Kd3 Qxd4# {Precision: White =  9%, Black = 82%.} 0-1

[Event "Norm Congress-GM 2018"]
[Site "Saint Louis"]
[Date "2018.02.09"]
[Round "3"]
[White "Chandra, Akshat"]
[Black "Patel, Advait"]
[Result "1/2-1/2"]
[WhiteElo "2510"]
[BlackElo "2478"]
[Annotator "TA"]
[PlyCount "102"]
[EventDate "2018.??.??"]
[EventType "schev"]
[EventCountry "USA"]
[SourceTitle "playchess.com"]
[Source "ChessBase"]
[SourceQuality "1"]

{[%evp 22,102,32,16,18,0,6,0,17,0,0,0,0,0,0,0,0,0,0,0,-4,0,33,43,52,50,43,50,68,24,41,22,31,21,45,27,36,31,20,21,35,23,25,12,50,48,74,53,31,57,48,43,135,88,122,108,122,122,125,148,131,133,171,175,229,240,208,222,185,62,164,69,67,0,0,0,0,0,0,0,0,0,0]} 1. e4 e5 2. Nf3 Nc6 3. Bb5 a6 4. Ba4 Nf6 5. d3 d6 6. c3 g6 7. O-O Bg7 8. Re1 O-O 9. Nbd2 b5 10. Bc2 {C77: Ruy Lopez: 3...a6 4 Ba4 Nf6, unusual lines} Bb7 11. a4 b4 12. a5 {LiveBook: 3 Games. White is slightly better.} Rb8 13. Nb3 $146 ({Find the theoretical novelty and annotate with similar games:} 13. Bb3 bxc3 14. bxc3 Na7 15. Bb2 Nh5 16. Qc2 Nf4 17. d4 Nb5 {0-1 (41) Perez Candelario,M (2496)-Vallejo Pons,F (2674) Leon 2006}) 13... Re8 14. Bd2 Ba8 15. Nc1 d5 16. Ba4 Qd6 17. Nb3 Red8 18. Qc1 bxc3 19. bxc3 dxe4 20. dxe4 Ne7 21. Qc2 c5 22. Bg5 c4 23. Nbd2 Qe6 24. Qa2 Rdc8 25. Bc2 h6 26. Be3 Ne8 {[%cal Bf6e8,Be8d6,Bd6b5][%mdl 32]} 27. Rab1 {next Rxb8 is good for White.} Nd6 28. Rxb8 Rxb8 29. Bc5 Nec8 30. Rb1 (30. Bb4 {NOTEXT} Bc6 31. h4 Bf8 32. Ba4 Bb5 33. Bxb5 Rxb5 34. g3) 30... Rxb1+ 31. Qxb1 Bc6 32. Nf1 Nb5 33. Bb4 Ncd6 34. Ne3 h5 35. Nd2 Bh6 36. Qe1 f5 ({Black should play} 36... Na7 $14) 37. Qe2 Bxe3 38. Qxe3 Nxe4 39. Nxe4 Bxe4 40. Bxe4 fxe4 41. Qxe4 Nc7 42. h3 Kf7 {[#]} (42... Nd5 $142) 43. Qb7 $1 $18 {[%cal Rb7c7]} Qd7 44. Bc5 {Hoping for Bb6.} Ke6 45. Bb6 (45. Be3 $18) 45... Nb5 ({Better is} 45... Nd5 $14 46. Qa8 (46. Qxa6 Qc6 $14) 46... Nxc3) 46. Qb8 (46. Qe4 $18) 46... Kd5 $14 47. f4 ({White should try} 47. Qf8 $14) 47... Qd6 $11 {The position is equal.} 48. Qa8+ Qc6 49. Qd8+ Qd6 {[#] Threatens to win with ...Qxd8.} 50. Qa8+ Qc6 51. Qd8+ Qd6 {Precision: White = 51%, Black = 55%.} 1/2-1/2

[Event "Norm Congress-GM 2018"]
[Site "Saint Louis"]
[Date "2018.02.09"]
[Round "3"]
[White "Gurevich, Daniel"]
[Black "Abrahamyan, Tatev"]
[Result "1/2-1/2"]
[WhiteElo "2483"]
[BlackElo "2332"]
[Annotator "TA"]
[PlyCount "79"]
[EventDate "2018.??.??"]
[EventType "schev"]
[EventCountry "USA"]
[SourceTitle "playchess.com"]
[Source "ChessBase"]
[SourceQuality "1"]

{[%evp 20,79,10,8,6,4,41,46,64,51,48,32,36,18,44,36,46,0,37,51,57,-305,0,0,0,0,0,0,0,0,8,2,5,1,2,4,7,0,0,0,0,0,0,0,0,0,0,0,0,0,0,0,0,0,0,0,0,0,0,0,0,-10]} 1. d4 Nf6 2. c4 e6 3. Nf3 b6 4. g3 Bb7 5. Bg2 Be7 6. O-O O-O 7. Re1 Na6 8. a3 {E17: Queen's Indian: 4 g3 Bb7 5 Bg2 Be7} (8. Ne5 Bxg2 9. Kxg2 c5 10. d5 Qc7 11. Nf3 Ne4 12. a3 f5 13. Qd3 Qb7 14. Nbd2 Nxd2 15. Bxd2 Bf6 {0-1 (38) Mamedyarov,S (2799)-Korobov,A (2652) Huaian 2017}) 8... d5 9. cxd5 exd5 {[%cal Be6d5,Bd5e4][%mdl 32]} 10. Nc3 c5 11. Bf4 {LiveBook: 7 Games} Ne4 12. Qc2 cxd4 $146 ({Predecessor:} 12... Rc8 13. Rad1 f5 14. Qb3 cxd4 15. Nxd4 Nac5 16. Qa2 Nxc3 17. bxc3 Qd7 {½-½ (17) Borisovs,L (2202)-Nicolenco,S (2126) LSS email 2010}) 13. Nxd4 {[%cal Rc3e4]} Rc8 14. Bxe4 dxe4 15. Red1 {Threatens to win with Nf5.} Qd7 16. Rac1 Qh3 17. b4 $1 Bf6 18. Qb3 Bxd4 (18... e3 19. f3 $14) 19. Rxd4 Nc7 20. Rd6 $2 {[%mdl 8192] [#]} (20. Bxc7 $14 {keeps the upper hand.} Rxc7 21. Rcd1) 20... Nb5 $2 (20... e3 21. f3 $14) ({Black should play} 20... Ne8 $1 $19 {Hoping for ...g5.} 21. Rcd1 Nxd6 22. Rxd6 Rfd8 23. Rxd8+ Rxd8) 21. Rdd1 $1 $11 {The position is equal.} ({Avoid the trap} 21. Nxb5 $2 e3 $19) 21... Nxc3 22. Rxc3 Rxc3 ({Don't play} 22... e3 $6 23. f3 $16) 23. Qxc3 Ba6 24. Qe3 (24. Qb2 {seems wilder.} Qh5 25. Rd2 h6 26. a4 Bc8 27. h4) 24... Qf5 (24... Qe6 {feels hotter.} 25. Rd4 Qa2 26. Rd2 Qb1+ 27. Kg2 h6) 25. Rd4 Re8 26. a4 h6 27. h4 Bb7 28. Bd6 Rc8 29. b5 Rc2 30. Bb8 Qg4 {Threatening ...Kh7.} 31. Rd2 ({Don't blunder} 31. Bxa7 $2 Rxe2 32. Rd8+ Kh7 $19) 31... Rc1+ 32. Kg2 {Rd8+ is the strong threat.} Kh7 {[#] Strongly threatening ...Bc8.} 33. Rd7 $1 {[%cal Rd7b7][%mdl 512]} Qxd7 34. Qxc1 a6 35. Qc7 Qxc7 36. Bxc7 axb5 37. axb5 Bd5 38. Bxb6 Bc4 39. e3 Bxb5 40. Bd4 {Precision: White = 48%, Black = 64%.} 1/2-1/2

[Event "Norm Congress-GM 2018"]
[Site "Saint Louis"]
[Date "2018.02.09"]
[Round "3"]
[White "Boros, Denes"]
[Black "Khamrakulov, Djurabek"]
[Result "1/2-1/2"]
[WhiteElo "2445"]
[BlackElo "2496"]
[Annotator "TA"]
[PlyCount "40"]
[EventDate "2018.??.??"]
[EventType "schev"]
[EventCountry "USA"]
[SourceTitle "playchess.com"]
[Source "ChessBase"]
[SourceQuality "1"]

{[%evp 16,40,32,22,29,17,51,25,34,29,33,0,18,18,47,46,60,52,107,100,117,122,118,119,126,96,128]} 1. e4 e6 2. d4 d5 3. Nd2 Nc6 4. Ngf3 Nf6 5. e5 Nd7 6. Nb3 a5 7. a4 b6 8. c3 Be7 {C04: French Tarrasch: 3...Nc6} 9. Bd3 {LiveBook: 9 Games} Ncb8 10. O-O Ba6 {The position is equal.} 11. Bxa6 Nxa6 12. Ne1 {[%cal Bf3e1,Be1d3,Bd3e5][%mdl 32]} O-O $146 ({Predecessor:} 12... c5 13. f4 g6 14. Be3 Nc7 15. Nf3 c4 {0-1 (38) Hoghmrtsyan,A (1878)-Stupak,K (2498) Yerevan 2014}) 13. Nd3 c6 14. Qg4 {And now Bh6 would win.} f5 15. exf6 Rxf6 16. Re1 $36 {[%mdl 2048] White is more active.} Nf8 (16... c5 $14) 17. Ne5 $16 {White is better.} Qe8 18. Bg5 Rg6 {[#]} 19. h4 $1 ({Much worse is} 19. Nxg6 $6 Qxg6 20. h4 h6 $15) 19... h6 20. Qh5 ({Inferior is} 20. Nxg6 Qxg6 21. Re2 hxg5 $15) 20... hxg5 {Precision: White = 82%, Black = 33%.} 1/2-1/2

[Event "Norm Congress-GM 2018"]
[Site "Saint Louis"]
[Date "2018.02.09"]
[Round "3"]
[White "Tsolakidou, Stavroula"]
[Black "Bartholomew, John"]
[Result "0-1"]
[WhiteElo "2412"]
[BlackElo "2472"]
[Annotator "TA"]
[PlyCount "118"]
[EventDate "2018.??.??"]
[EventType "schev"]
[EventCountry "USA"]
[SourceTitle "playchess.com"]
[Source "ChessBase"]
[SourceQuality "1"]

{[%evp 9,118,31,42,42,52,12,29,29,29,29,33,10,18,25,20,14,11,0,23,-67,-56,-98,-96,-81,-82,-98,-124,-80,-65,-289,-306,-278,-281,-297,-291,-331,-278,-378,-383,-328,-337,-535,-428,-522,-528,-527,-529,-506,-530,-519,-518,-483,-479,-548,-546,-533,-509,-714,-702,-708,-708,-700,-695,-667,-666,-689,-679,-747,-745,-29961,-29962,-29958,-29963,-29962,-29961,-29965,-29966,-29967,-29967,-29965,-29965,-29966,-29962,-29957,-29958,-29962,-29963,-29962,-29957,-29956,-29954,-29958,-29957,-29961,-29960,-29955,-29952,-720,0,-750,-741,-741,-731,-29978,-29974,-29974,-29975,-29973,-29974,-29973,-29965]} 1. e4 d5 2. exd5 Qxd5 3. Nc3 Qd8 4. d4 Nf6 5. Bd3 Bg4 (5... c6 6. Nge2 e6 7. O-O Be7 8. Ne4 Nbd7 9. N2g3 Nxe4 10. Nxe4 Nf6 11. c3 Nxe4 12. Bxe4 O-O 13. Qh5 {1-0 (53) Zakhartsov,V (2407)-Nefedov,S (2298) Moscow 2014}) 6. Nge2 {B01: Scandinavian Defence} (6. f3 {NOTEXT} Bd7 7. Nge2 Nc6 8. Bf4 e6 9. a3) 6... e6 7. Ne4 $146 (7. Bg5 {NOTEXT} Be7 8. f3 Bh5 9. Qd2 Nc6 10. O-O-O) ({Find the theoretical novelty and annotate with similar games:} 7. f3 Bh5 8. Nf4 Bg6 9. Nxg6 hxg6 10. Ne2 c6 11. c3 Bd6 12. h3 Qc7 13. O-O {1-0 (36) Bieluszewski,P (2163)-Vallejo,A Kolobrzeg 2005}) 7... Nxe4 8. Bxe4 {Threatens to win with f3.White has an edge.} c6 9. c3 Nd7 10. f3 Bh5 11. Nf4 Bg6 12. Nxg6 hxg6 13. Bf4 Nb6 14. Qb3 (14. g3 $11) 14... Bd6 $15 15. Bxd6 Qxd6 16. g3 {[#]} Qxg3+ $1 {[%mdl 512]} 17. hxg3 Rxh1+ 18. Kf2 Rxa1 19. Bxg6 $2 ({White should try} 19. f4 $15) 19... fxg6 $19 20. Qxe6+ Kf8 21. Qd6+ Kf7 22. Qc7+ Kg8 23. Qxb7 Rxa2 24. Qxc6 {Hoping for Qe6+.} Rxb2+ 25. Ke3 (25. Kg1 $142) 25... Rc8 26. Qe6+ Kf8 27. Kd3 Rf2 28. Qd6+ Kf7 29. Qf4+ Kg8 30. Qe4 Rc7 31. Qxg6 Rxf3+ 32. Ke4 Rff7 33. d5 Rxc3 34. Qe6 Rc4+ 35. Kd3 Rc8 36. d6 Rd8 37. Kc2 Nc8 38. d7 Rdxd7 39. Qe8+ Kh7 40. Qe4+ g6 41. Qh1+ Kg7 42. Qa1+ Kg8 43. Qe5 Rc7+ 44. Kb3 Rb7+ 45. Kc2 Rbe7 46. Qg5 Kg7 47. Qd2 Rc7+ 48. Kb1 Nb6 49. Qd4+ {[#]} Rf6 $1 50. Qe5 Rcf7 51. g4 Kh7 52. Qh2+ Kg8 53. Qb8+ Kg7 54. Qe5 {intending g5.} Nd7 55. Qd4 g5 56. Qxa7 Rf4 {Black mates.} 57. Qa1+ Nf6 58. Qe5 Rxg4 59. Kc2 Kg6 {Precision: White = 38%, Black = 84%.} 0-1

[Event "Norm Congress-GM 2018"]
[Site "Saint Louis"]
[Date "2018.02.10"]
[Round "4"]
[White "Khamrakulov, Djurabek"]
[Black "Chandra, Akshat"]
[Result "1-0"]
[WhiteElo "2496"]
[BlackElo "2510"]
[Annotator "TA"]
[PlyCount "69"]
[EventDate "2018.??.??"]
[EventType "schev"]
[EventCountry "USA"]
[SourceTitle "playchess.com"]
[Source "ChessBase"]
[SourceQuality "1"]

{[%evp 13,69,12,8,0,5,-15,-7,0,0,-12,73,59,97,97,130,118,112,64,139,135,316,312,343,333,330,247,270,28,24,10,87,-22,-12,-135,-146,-149,0,0,28,-58,-2,-12,14,13,27,16,22,33,499,70,831,827,774,398,29993,29994,29996,29997]} 1. e4 e5 2. Nf3 Nc6 3. d4 exd4 4. Nxd4 Qf6 5. Nb5 Bc5 6. Qe2 Bb6 7. N1c3 Nge7 8. Be3 {C45: Scotch Game} Ba5 $1 9. O-O-O {Nd5 is the strong threat.} a6 10. Nd5 {The position is equal.} Nxd5 11. exd5 {Hoping for Bb6+.} Ne7 (11... axb5 $11 12. Bd4+ (12. dxc6 bxc6 13. Bd4+ Qe6 $11) 12... Qe7 13. dxc6 bxc6) (11... axb5 12. Bd4+ Qe7 13. dxc6 bxc6 14. Bxg7 Rg8 15. Be5 d5 {0-1 (48) Muzychuk,M (2528)-Fressinet,L (2702) Cap d'Agde 2015}) 12. Nd4 $16 O-O 13. Nb3 $36 {[%mdl 2048] Keeping Black busy.} Bb4 14. h4 $146 ({Predecessor:} 14. Qc4 Bd6 15. Bd3 Ng6 {½-½ (41) Vaidya,A (2335)-Shabtai,R (2340) Budapest 1992}) 14... Re8 15. Rd4 {Black must now prevent Bg5.} Bd6 (15... a5 $1 $14) 16. Re4 Qf5 $2 (16... Kf8 $16) 17. Qd3 $18 Rf8 18. c4 h5 19. Qc2 b5 20. Nd4 $2 (20. cxb5 axb5 21. Bd3 Nxd5 $17) ({White must play} 20. Bd3 $1 $18) 20... Qg6 $11 21. g4 {Strongly threatening Bd3.} bxc4 {[#]} (21... Bb7 $1 $11) 22. Bxc4 ({White has to play} 22. gxh5 $1 $16 Qxh5 23. Bxc4) 22... Bb7 23. Bd3 (23. Bd2 $1 $11 {keeps the balance.}) 23... Nxd5 $17 {And now ...Nb4 would win.} 24. Nf5 hxg4 (24... Nxe3 $17 25. Nxe3 Qf6) 25. Rg1 $1 $11 g3 (25... Qxf5 $2 26. Rexg4 Qf6 27. Rxg7+ Qxg7 28. Rxg7+ Kxg7 29. Bd4+ f6 30. Qe2 $19) 26. Nxd6 ({White should play} 26. Nxg3 $11 f5 27. Ne2) 26... Qxd6 ({Black should try} 26... cxd6 $15 27. Rxg3 Nxe3 28. Rexe3 Qf6) 27. Rxg3 Nb4 {[#]} 28. Rxg7+ $1 {[%mdl 512]} Kxg7 29. Qc3+ f6 30. Rxb4 Bd5 $2 {[%mdl 8192] [#]} ({Better is} 30... Qc6 $14) 31. Bc5 $2 (31. Rg4+ $1 $18 Kf7 32. Bg6+ (32. Bc5 Qe5 $14) 32... Kg8 33. Bc5) 31... Qc6 $2 {[%mdl 8192]} (31... Qe6 $14) 32. Rg4+ $18 Kh8 33. b4 {Intending Qd2 and mate.} ({Weaker is} 33. Bxf8 Qxc3+ 34. bxc3 Rxf8 $16) 33... Qe6 $2 {[#]} (33... Bg8 $18 34. Be4 Qe6) 34. Qd2 $1 {[%cal Rd2h6][%mdl 512]} f5 35. Bd4+ {Precision: White = 39%, Black = 19%.} 1-0

[Event "Norm Congress-GM 2018"]
[Site "Saint Louis"]
[Date "2018.02.10"]
[Round "4"]
[White "Patel, Advait"]
[Black "Gurevich, Daniel"]
[Result "1-0"]
[WhiteElo "2478"]
[BlackElo "2483"]
[Annotator "TA"]
[PlyCount "39"]
[EventDate "2018.??.??"]
[EventType "schev"]
[EventCountry "USA"]
[SourceTitle "playchess.com"]
[Source "ChessBase"]
[SourceQuality "1"]

{[%evp 18,39,38,57,79,72,84,93,107,92,187,172,196,182,241,246,232,221,361,344,392,388,1252,1295]} 1. e4 c6 2. d4 d5 3. e5 Bf5 4. Nf3 e6 5. Be2 Ne7 6. O-O c5 7. Be3 Nd7 8. c4 dxc4 9. Na3 Nd5 10. Bg5 {LiveBook: 8 Partien. B12: Caro-Kann (Vorstoß-Variante)} Qb8 {Und weiter mit ...h6 wäre nett.} 11. Bxc4 h6 12. Bh4 {Weiß steht besser.} N5b6 $146 ({Vorgänger:} 12... N7b6 13. Rc1 a6 14. Re1 Be7 15. Bxe7 Kxe7 16. Bd3 Bxd3 17. Qxd3 cxd4 {1-0 (30) Smirin,I (2615)-Vyzmanavin,A (2610) Elenite 1994}) 13. Re1 Bg4 (13... cxd4 $16 {ist wohl besser.} 14. Nxd4 Bh7) 14. h3 $18 Bxf3 15. Qxf3 {Schwarz muss nun Lxe6! beachten.} Nxc4 (15... Be7 $142) 16. Nxc4 {Und d5 würde nun gewinnen.} cxd4 {[#]} 17. Rad1 $1 {[%cal Rd1d4]} Bc5 {[#]} (17... Nb6 {war angesagt.}) 18. Rxd4 $1 {[%mdl 512]} Qc7 (18... Bxd4 19. Nd6+) 19. Red1 ({Schwächer ist} 19. Nd6+ Bxd6 20. exd6 Qb6 $16) 19... Nxe5 $2 {[#]} (19... Bxd4 20. Nd6+ Qxd6 21. exd6 Bf6 22. Bxf6 Nxf6 23. d7+ Nxd7 24. Qxb7 Nb6 25. Qc6+ Kf8) 20. Qxb7 $1 {[%mdl 512] Precision: Weiß = 100%, Schwarz = 24%.} 1-0